Drachenzähmen Charaktere (Httyd) - Statistiken

Allgemein
  • Dieses Quiz wurde 163 mal gespielt
  • Das Durchschnittsergebnis liegt bei 10 aus 13
Antwortstatistiken
Antwort % Korrekt
Hicks der Hühne III
96%
Astrid Hofferson
95%
Fischbein Ingerman
87%
Raffnuss Thorston
84%
Taffnuss Thorston
84%
Haudrauf der Stoische
83%
Ohnezahn
76%
Grobian der Rülpser
74%
Sturmpfeil
68%
Fleischklops
59%
Kotz und Würg
58%
Hakenzahn
55%
Rotzbakke Jorgenson
41%
Keine übereinstimmenden Quizze gefunden
Verteilung der Resultate
Anzahl Personen mit jedem Resultat
Perzentil nach korrekt beantworteten Fragen
Ihre Resultats-Entwicklung
Sie haben dieses Quiz noch nicht gespielt